000 00264nam a2200097Ia 4500
001 1141270
005 20250827010116.0
008 250824s9999 xx 000 0 und d
245 0 _aKİTAP KURDU KAFADARLAR
_cJUDY DELTON
260 _bGÜNIŞIĞI KİTAPLIĞI YAYINLARI
999 _c1141270
_d1141270